Understanding the new FIDIC book (Record no. 105868)

MARC details
000 -LEADER
fixed length control field 01577cam a2200277 4500
001 - CONTROL NUMBER
control field L134966
008 - FIXED-LENGTH DATA ELEMENTS--GENERAL INFORMATION
fixed length control field 060913n2006 000 0 eng u
020 ## - INTERNATIONAL STANDARD BOOK NUMBER
International Standard Book Number 0421915900
035 ## - SYSTEM CONTROL NUMBER
System control number (Sirsi) u134966
041 0# - LANGUAGE CODE
Language code of text/sound track or separate title eng
050 04 - LIBRARY OF CONGRESS CALL NUMBER
Classification number 624.08 $2 18
100 1# - MAIN ENTRY--PERSONAL NAME
Personal name Glover, Jeremy
245 00 - TITLE STATEMENT
Title Understanding the new FIDIC book
Remainder of title a clause by clause commentary
260 ## - PUBLICATION, DISTRIBUTION, ETC.
Place of publication, distribution, etc. London
Name of publisher, distributor, etc. Sweet & Maxwell
Date of publication, distribution, etc. December 2006
300 ## - PHYSICAL DESCRIPTION
Extent xxxvii, 434p.
Dimensions 24cm.
350 ## - PRICE (NR) (BK AM CF MU VM SE) [OBSOLETE]
Price 137.75
505 1# - FORMATTED CONTENTS NOTE
Formatted contents note General provisions -- The employer -- The engineer -- The contractor -- Nominated subcontractors -- Staff and labour -- Plant, materials and workmanship - Commencement, delays and suspension -- Tests on competition -- Employer's taking over -- Defects liability -- Measurement and evaluation -- Variations and adjustments -- Contract price and payment -- Termination by employer -- Suspension and termination by contractor -- Risk and responsibility -- Insurance -- Force majeure -- Claims, disputes and arbitration -- General conditions of dispute adjudication agreement
520 ## - SUMMARY, ETC.
Summary, etc. Provides a commentary on the FIDIC Red Book, and a comparison of other widely used standards. Gives citations of court decisions in different jurisdications, and a commentary of the Multilateral Development Bank (MDB) harmonised version.
590 ## - LOCAL NOTE (RLIN)
Local note KA
650 24 - SUBJECT ADDED ENTRY--TOPICAL TERM
Topical term or geographic name entry element FIDIC RED BOOK
650 24 - SUBJECT ADDED ENTRY--TOPICAL TERM
Topical term or geographic name entry element MULTILATERAL DEVELOPMENT BANK
651 #4 - SUBJECT ADDED ENTRY--GEOGRAPHIC NAME
Geographic name United Kingdom
Chronological subdivision
690 ## - LOCAL SUBJECT ADDED ENTRY--TOPICAL TERM (OCLC, RLIN)
Topical term or geographic name as entry element BUILT ENVIRONMENT-BUILDING CONTRACT FORMS-STANDARD FORMS OF BUILDING CONTRACT
700 1# - ADDED ENTRY--PERSONAL NAME
Personal name Hughes, Simon
942 ## - ADDED ENTRY ELEMENTS (KOHA)
Suppress in OPAC 0
Holdings
Withdrawn status Lost status Source of classification or shelving scheme Damaged status Not for loan Home library Current library Shelving location Date acquired Cost, normal purchase price Total Checkouts Full call number Barcode Date last seen Date last checked out Copy number Cost, replacement price Price effective from Koha item type
    Dewey Decimal Classification     London London Books 23/01/2007 155.00 21 624.08 GLO 30073543 06/08/2019 04/01/2010 1 155.00 06/08/2019 Book